000 00654nmc a2200265 a 4500
003 AR-BaBNM
005 20251128205347.0
008 187019s1992 ||||||||||||||000 | spa||
020 _a9978-80-074-4
040 _cAR-BaBNM
100 1 _aCamus, Albert
245 1 0 _aLa peste
260 _aQuito
_bLibresa
_c1992
300 0 _a282 p.
490 0 _aAntares
_vv. 35
650 4 _aLITERATURA FRANCESA
650 4 _aFILOSOFIA LITERARIA
650 4 _aEXISTENCIALISMO
650 4 _aLITERATURA CONTEMPORANEA
650 4 _aNOVELAS
655 _aLITERATURA
700 1 _aCordero de Espinosa, Susana
_eprologuista
942 _cBK
998 _cMARTIN
999 _c11087
_d11087